Cuvinte Potrivite-Palabras adecuadas

Shranjeno v:
Bibliografske podrobnosti
Glavni avtor: Arghezi, Tudor
Format: Knjiga
Jezik:Undetermined
Izdano: Bucarest, Rumania Minerva 1977
Teme:
Oznake: Označite
Brez oznak, prvi označite!

MARC

LEADER 00000nam a2200000Ia 4500
008 170316s9999 xx 000 0 und d
040 |a cru BVZT 
090 |a 859 A-2cu 
100 |a Arghezi, Tudor 
245 |a Cuvinte Potrivite-Palabras adecuadas 
260 |a Bucarest, Rumania 
260 |b Minerva 
260 |c 1977 
300 |a 383 páginas 
650 |a LITERATURA RUMANA 
999 |c 8235  |d 8235 
942 |c 15 D  |h 859 A-2cu  |2 z